Managerial job change : men and women in transition /

Bibliographic Details
Main Author: Nicholson, Nigel
Other Authors: West, Michael
Format: Book
Language:English
Published: Cambridge [Cambridgeshire] ; New York : Cambridge University Press, 1988.
Subjects:

MARC

Tag First Indicator Second Indicator Subfields
LEADER 00000cam a2200000 a 4500
001 in00000019562
005 20151007053645.0
008 870416s1988 enka b 00110 eng
010 |a  87011752  
020 |a 0521334594 
035 |a (OCoLC)15629051 
035 |9 AAB2374AM 
040 |a DLC  |c DLC  |d TXA  |d UtOrBLW 
049 |a TXAM  |c [A11100585] 
050 0 0 |a HD38.2  |b .N53 1988 
082 0 |a 331.12/72  |2 19 
100 1 |a Nicholson, Nigel. 
245 1 0 |a Managerial job change :  |b men and women in transition /  |c Nigel Nicholson and Michael A. West. 
264 1 |a Cambridge [Cambridgeshire] ;  |a New York :  |b Cambridge University Press,  |c 1988. 
300 |a xi, 274 pages :  |b illustrations ;  |c 24 cm. 
336 |a text  |b txt  |2 rdacontent 
337 |a unmediated  |b n  |2 rdamedia 
338 |a volume  |b nc  |2 rdacarrier 
504 |a Bibliography: pages 254-264. 
500 |a Includes indexes. 
650 0 |a Executives. 
650 0 |a Career changes. 
650 0 |a Organizational change. 
700 1 |a West, Michael. 
999 |a MARS 
999 f f |s da98cd42-f440-3069-8f0c-2f710cc1fbe0  |i d0662c08-91e1-374f-a1da-f7da49ac340c  |t 0 
952 f f |p ric  |a Texas A&M University  |b Rellis Campus  |c Joint Library Facility  |d Remote Storage  |t 0  |e HD38.2 .N53 1988  |h Library of Congress classification  |i unmediated -- volume  |m A14811100585 
998 f f |a HD38.2 .N53 1988  |t 0  |l Remote Storage